Normal view
MARC view
- Dempsey, Paul
Entry Personal Name
001 - CONTROL NUMBER
- control field: 83650
003 - CONTROL NUMBER IDENTIFIER
- control field: NUST
005 - DATE AND TIME OF LATEST TRANSACTION
- control field: 20211102115655.0
008 - FIXED-LENGTH DATA ELEMENTS
- fixed length control field: 211102|| aca||aabn | a|a d
040 ## - CATALOGING SOURCE
- Original cataloging agency: NUST
- Transcribing agency: NUST
100 ## - HEADING--PERSONAL NAME
- Personal name: Dempsey, Paul
- Fuller form of name: (Paul K.)
670 ## - SOURCE DATA FOUND
- Source citation: Work cat.: (NUST)32848: Dempsey, Paul (Paul K.), Troubleshooting & repairing diesel engines /, c2011.
